000 004720000a22001570004500
003 MACL
005 20170725130202.0
008 170725b xxu||||| |||| 00| 0 eng d
040 _cmacl
100 _aशर्मा, लता
_958417
245 _aसही नाप के जूते
260 _bभारतीय पुस्‍तक परिषद
_c2009
350 _a300
650 _aउपन्‍यास
_968381
942 _cHIN
_k891.433/ SHA/N
_2ddc
999 _c45231
_d45231